The Biggest Cities in Norway - Statistics

General Stats
  • This quiz has been taken 50 times
  • The average score is 7 of 15
Answer Stats
Population City % Correct
724.290 Oslo
100%
290.709 Bergen
95%
150.123 Stavanger
86%
215.518 Trondheim
84%
79.421 Tromsø
78%
118.221 Kristiansand
73%
105.452 Drammen
59%
84.908 Sandnes
30%
132.358 Bærum
27%
95.762 Lillestrøm
27%
60.139 Sarpsborg
19%
100.492 Asker
16%
66.758 Sandefjord
16%
85.862 Frederikstad
8%
64.668 Nordre Follo
3%
No matching quizzes found
Score Distribution
Percent of People with Each Score
Percentile by Number Answered
Your Score History
You have not taken this quiz